Statistiken für Das einzig übrige Land, das ... (Europa)

Klicken Sie hier um das Quiz zu spielen!

Allgemein

  • Dieses Quiz wurde 173 mal gespielt
  • Das Durchschnittsergebnis liegt bei 37 aus 45

Antworten auf der Karte

Die Antworten werden auf der Karte rot bzw. grün angezeigt, abhängig davon wie oft sie richtig erraten wurden.
 

Antwortstatistiken

Das einzig übrige europäische Land, das ...Antwort% Korrekt
eine Hauptstadt nördlicher als Helsinki hatIsland
95%
eine Hauptstadt hat, die mit "Z" beginntKroatien
95%
2 Weltkriege starteteDeutschland
94%
eine schwarz-rot-gelbe Flagge hatBelgien
92%
0 Nachbarländer hatMalta
92%
ein Weltwunder der Antike hatteGriechenland
91%
eine Hauptstadt hat, die wie das Land heißtLuxemburg
90%
kleiner als 100 km² istMonaco
90%
komplett von Italien umschlossen istSan Marino
90%
mit "K" beginntKosovo
88%
zu den Benelux-Staaten zähltNiederlande
88%
mit "I" beginntIrland
87%
mit "E" beginntEstland
84%
eine blau-gelbe Flagge hatUkraine
84%
an der Nordsee liegtDänemark
83%
einen Berg über 4000 m hatSchweiz
83%
zu Skandinavien zähltFinnland
82%
eine Himmelsrichtung im Namen hatNordmazedonien
82%
an Finnland grenztNorwegen
82%
auf der Iberischen Halbinsel liegtPortugal
81%
in den Pyrenäen liegtAndorra
80%
an Russland grenztBelarus
80%
mehr als 50 UNESCO Welterbestätten hatItalien
80%
mit "A" beginntAlbanien
79%
eine Hauptstadt hat, die mit "V" beginntLitauen
79%
an der Ostsee liegtPolen
79%
14 Nachbarländer hatRussland
79%
mehr als 200.000 Inseln hatSchweden
79%
die Fußball-WM gewannSpanien
79%
kein Mitglied der UNO istVatikanstadt
79%
mehr als 60 Millionen Einwohner hatVereinigtes Königreich
79%
einen Bierkonsum pro Kopf pro Jahr von über 100 Litern hatTschechien
78%
an die Türkei grenztBulgarien
77%
zum Baltikum zähltLettland
77%
einen Umlaut (Ä, Ö, Ü) enthältRumänien
77%
größer als Jemen istFrankreich
75%
am Rhein liegtLiechtenstein
75%
in den Alpen liegtSlowenien
75%
eine Hauptstadt an der Donau hatUngarn
75%
eine rot-weiß-blaue Flagge hatSlowakei
74%
weniger als 50 km Küste hat (aber Küste hat)Bosnien und Herzegowina
73%
an ein doppeltes Binnenland grenztÖsterreich
73%
8 Nachbarländer hatSerbien
73%
in Europa liegtMontenegro
68%
ein Binnenland und kleiner als 50.000 km² istMoldawien
67%

Verteilung der Resultate

Perzentil nach korrekt beantworteten Fragen

Anzahl Personen mit jedem Resultat

Ihre Resultats-Entwicklung

Sie haben dieses Quiz noch nicht gespielt